Automatizácia DevOps procesov pomocou GitOps pre efektívne nasadzovanie aplikácie do cloudu
Enregistré dans:
| Auteur principal: | |
|---|---|
| Autres auteurs: | |
| Format: | Manuscrit Livre |
| Langue: | slovaque |
| Publié: |
2025
|
| Sujets: | |
| Accès en ligne: | http://is.stuba.sk/zp/portal_zp.pl?podrobnosti=184440 |
| Tags: |
Pas de tags, Soyez le premier à ajouter un tag!
|
MARC
| LEADER | 00000ntm a22000003a 4500 | ||
|---|---|---|---|
| 001 | stuzp103629 | ||
| 003 | SK-STU | ||
| 005 | 20250614212114.0 | ||
| 007 | ta | ||
| 008 | 150427s2015----xo-----f-mn---000-0-slo-d | ||
| 040 | |a STU |b slo | ||
| 041 | 0 | |a slo | |
| 100 | 1 | |a Zajac, Šimon |u 030400 |4 aut |U FEI Fakulta elektrotechniky a informatiky |T FEI Ústav automobilovej mechatroniky |X 111492 |U E400 |Y 642 |7 111492 | |
| 242 | 0 | 1 | |a Automating DevOps Processes Using GitOps for Effective Cloud Application Deployment |y eng |
| 245 | 1 | 0 | |a Automatizácia DevOps procesov pomocou GitOps pre efektívne nasadzovanie aplikácie do cloudu |
| 260 | |c 2025 | ||
| 650 | 4 | |a Cloud |2 eng | |
| 650 | 4 | |a GitOps |2 eng | |
| 650 | 4 | |a DevOps |2 eng | |
| 650 | 4 | |a Automation |2 eng | |
| 650 | 4 | |a Cloud |2 slo | |
| 650 | 4 | |a GitOps |2 slo | |
| 650 | 4 | |a DevOps |2 slo | |
| 650 | 4 | |a Automatizácia |2 slo | |
| 700 | 1 | |a Beňo, Lukáš |u 030400 |k Z8 |4 ths |U FEI Fakulta elektrotechniky a informatiky |T FEI Ústav automobilovej mechatroniky |X 72774 |U E400 |Y 642 |7 72774 | |
| 856 | 4 | |u http://is.stuba.sk/zp/portal_zp.pl?podrobnosti=184440 | |